01003nam a2200169 a 450000100060000000300090000600800410001502000150005604000280007108200170009910000200011624500220013626000630015830000110022150505790023265000220081117183CO-ViMGA141112s2004 ck r 000 u spa d a9586554910 aCO-ViMGAbspacCO-ViMGA04a614.88 P373p1 aPerez, Germán10aPrimeros auxilios aMedellín (Antioquia), cUniversidad de Antioquia, c2001 a212.p. aGeneralidades sobre primeros auxilios Descripción anatómica del cuerpo humano Signos vitales Valoración de los estados de conciencia y crisis convulsiva Hemorragias , heridas y cuerpos extraños Quemaduras y accidentes por exposición al calor y el frio Choque y lipotimia Paro respiratorio y cardiaco , reanimación cardio - cerebro - pulmonar Intoxicaciones Mordeduras y picaduras Lesiones muscuesqueléticas , inmovilizaciones y vendajes Transporte de lesionados Deshidratación por diarrea Malestar abdominal agudo Sida y primeros auxilios Atención al parto14aPRIMEROS AUXILIOS